| 000 | 00366 a2200121 4500 | ||
|---|---|---|---|
| 001 | ART_56455 | ||
| 005 | 20260410161609.0 | ||
| 008 | 260409a | ||
| 245 | 1 | 0 | _aResolución técnica (FACPCE) 53. |
| 100 | 1 | _aFaccendini, Yanina C. | |
| 700 | 1 | _aOubiña, Gabriel H. | |
| 773 | 0 |
_tProfesional & Empresaria _g- Año XXIII, Nº 272 (mayo 2022) _wREV70 |
|
| 999 |
_c10494 _d10494 |
||